El socio / (Record no. 46834)

MARC details
000 -LEADER
campo de control de longitud fija 00710nam a2200217 i 4500
001 - NÚMERO DE CONTROL
campo de control 46834
003 - IDENTIFICADOR DE NÚMERO DE CONTROL
campo de control ES-MaACL
005 - FECHA Y HORA DE LA ÚLTIMA TRANSACCIÓN
campo de control 20230906161444.0
007 - CAMPO FIJO DE DESCRIPCIÓN FÍSICA--INFORMACIÓN GENERAL
campo de control de longitud fija t|
008 - DATOS DE LONGITUD FIJA--INFORMACIÓN GENERAL
campo de control de longitud fija 030401s1983 sp ||||1| spa d
100 1# - ENTRADA PRINCIPAL--NOMBRE DE PERSONA
Nombre de persona Conrad, Joseph.
9 (RLIN) 40217
245 13 - MENCIÓN DEL TÍTULO
Título El socio /
Mención de responsabilidad, etc. Joseph Conrad ; ilustraciones, Jesús Gabán ; traducción, Sagrario Fierro Madrid.
260 ## - PUBLICACIÓN, DISTRIBUCIÓN, ETC.
Lugar de publicación, distribución, etc. [Madrid :
Nombre del editor, distribuidor, etc. Ediciones Libertarias,
Fecha de publicación, distribución, etc. [1983]
300 ## - DESCRIPCIÓN FÍSICA
Extensión 94 p. ;
Dimensiones 21 cm.
490 1# - MENCIÓN DE SERIE
Mención de serie Colección pluma rota. Relatos ;
Designación de volumen o secuencia 7
700 1# - ENTRADA AGREGADA--NOMBRE PERSONAL
Nombre de persona Gabán, Jesús.
9 (RLIN) 53119
700 1# - ENTRADA AGREGADA--NOMBRE PERSONAL
Nombre de persona Fierro Madrid, Sagrario.
9 (RLIN) 50717
830 0# - PUNTO DE ACCESO ADICIONAL DE SERIE-TÍTULO UNIFORME
Título uniforme Colección pluma rota. Relatos ;
Designación de volumen o secuencia 7
9 (RLIN) 186360
852 ## - LOCALIZACIÓN
Ubicación ES-MaACL
Número de control de estantería L-4668
Sublocalización o colección R.105483
Holdings
Estatus retirado Estado de pérdida Estado de daño No para préstamo Biblioteca de origen Biblioteca actual Ubicación en estantería Fecha de adquisición Fuente de adquisición Total de préstamos Signatura topográfica completa Código de barras Visto por última vez Precio de reemplazo Tipo de ítem Koha
        Biblioteca del Ateneo de Madrid Biblioteca del Ateneo de Madrid Depósito 2 17/01/2008     L-4668 1049258 23/02/2023 23/02/2023 Libro impreso